The magician's nephew / (Record no. 3587)

MARC details
000 -LEADER
fixed length control field 00794nam a22002417a 4500
001 - CONTROL NUMBER
control field 3587
003 - CONTROL NUMBER IDENTIFIER
control field FISKH
005 - DATE AND TIME OF LATEST TRANSACTION
control field 20240321145444.0
008 - FIXED-LENGTH DATA ELEMENTS--GENERAL INFORMATION
fixed length control field 240321b cb ||||| |||| 00| 0 eng d
040 ## - CATALOGING SOURCE
Original cataloging agency FISK
Language of cataloging eng
Transcribing agency FISK
Modifying agency FISK
050 ## - LIBRARY OF CONGRESS CALL NUMBER
Classification number PZ7.L58474
082 ## - DEWEY DECIMAL CLASSIFICATION NUMBER
Classification number 813
100 ## - MAIN ENTRY--PERSONAL NAME
Personal name Lewis C. S.
Dates associated with a name 1898-1963
245 ## - TITLE STATEMENT
Title The magician's nephew /
Statement of responsibility, etc.
Remainder of title C. S. Lewis
260 ## - PUBLICATION, DISTRIBUTION, ETC.
Place of publication, distribution, etc. New York :
Name of publisher, distributor, etc. Scholastic,
Date of publication, distribution, etc. 1995
300 ## - PHYSICAL DESCRIPTION
Extent 202 pages :
Other physical details illustrations,
Dimensions 20 cm
505 ## - FORMATTED CONTENTS NOTE
Formatted contents note M
520 ## - SUMMARY, ETC.
Summary, etc. When Digory and Polly try to return the wicked witch Jadis to her own world, the magic gets mixed up and they all land in Narnia where they witness Aslan blessing the animals with human speech.
521 8# - TARGET AUDIENCE NOTE
Target audience note 790
Source Lexile
700 ## - ADDED ENTRY--PERSONAL NAME
Personal name C. S. Lewis
942 ## - ADDED ENTRY ELEMENTS (KOHA)
Source of classification or shelving scheme Dewey Decimal Classification
Koha item type Books
Suppress in OPAC No
Holdings
Withdrawn status Lost status Source of classification or shelving scheme Damaged status Not for loan Collection Home library Current library Shelving location Date acquired Total Checkouts Full call number Barcode Date last seen Copy number Price effective from Koha item type
    Dewey Decimal Classification     Fiction Footprints International School Library Network Toul Kork Campus Footprints International School Library Network Toul Kork Campus TTP Secondary Fiction Bookshelves 03/21/2024   LEW PZ7.L58474 813 2024-0383 03/21/2024 1 03/21/2024 Books